000 01796nam a2200385 c 4500
003 BLK
005 20230406131341.0
008 180412b bul|||||r ||||||| ||bul||
010 _aKNG00009891000
020 _a954-524-129-2
_bиздат.: Унив. изд. Св. св. Кирил и Методий
040 _aBLK
041 _aBUL
_cBUL
080 _aГеография на населението
_b911.3:314
_x(075.8)
_z911.3:314(075.8)
080 _aГеография на населените места
_b911.37
_x(075.8)
_z911.37(075.8)
100 1 _aСлавейков, Петър Лозанов
_d1956-2019
_gГеограф, историк, юрист
_9372144
700 1 _aЯнков, Румен
_eсъавт.
_9253583
139 _aСлавейков, Петър и др.
_bС 42
245 1 0 _aГеография на населението и селищата
_bУчебник за студентите от Великотърновския унив. Св. св. Кирил и Методий
_cПетър Славейков; съавт. Румен Янков.
257 _aBGR
260 В. Търново
_bУнив. изд. Св. св. Кирил и Методий
_c1995
300 _a276 с.
_bс ил.
_c23 см
380 _a91
500 _aБиблиогр. с. 269-271 ; Рез. на англ. ез.
650 4 _aГеография - на населението - учебници за ВУЗ
_9253584
650 4 _aГеография - на селищата - учебници за ВУЗ
_9253585
653 _aгеография
653 _aнаселение
653 _aселища
653 _aучебници за ВУЗ
852 _aЦб 184802
856 4 _qpdf
_u
856 4 _qpdf
_u
942 _cKNG
_n0
944 _aCR
_c15.01.2003
_kПенка_Димитрова
944 _aED
_c26.05.2017
_kВиолета_Тройчева
999 _c8536
_d8536